| 000 | 00399nam a22001217a 4500 | ||
|---|---|---|---|
| 999 |
_c10324 _d10324 |
||
| 003 | OSt | ||
| 008 | 201203b ||||| |||| 00| 0 eng d | ||
| 245 | _aThe Indian Textile Journal | ||
| 250 | _a2013(Jan Vol.123 No.4, Feb Vol.123 No.5, Mar Vol.123 No.6, Apr Vol.123 No.7, May Vol.123 No.8, Jun Vol.123 No.9) | ||
| 260 |
_aChennai _bIPF Publications |
||
| 650 | _aTextile Engineering | ||
| 942 |
_2ddc _cBV |
||